000 02105nam2a2200349 4500
001 RU\NLR\BIBL_A\011450417
005 20241225205924.0
010 _a9785829505172
_9120
021 _aRU
_b2017-50529
_93627
035 _a(RuMoRGB)008933121
035 _a(NLR Aleph) 011450417
090 _a11749863
_c11749863
100 _a20170807d2017 u||y0rusy50 ca
101 0 _arus
102 _aRU
105 _aac z 000zy
200 1 _aНечеткая логика, методы идентификации, локальные САР, развитие методов расчета
_fВ.Г. Лисиенко, Ю.В. Крюченков
210 _aЕкатеринбург
_cИзд-во УМЦ УПИ
_d2017
215 _a531 с.
_cил., табл., портр.
300 _aНа 4-й с. обл. авт.: Лисиенко В.Г. д.т.н., проф., Крюченков Ю.В., д.т.н.
320 _aБиблиогр.: с. 489-511 (236 назв.)
461 1 _1001RU\NLR\bibl\1367944
_12001#$aСовершенствование и повышение эффективности энерготехнологий и производств$vТ. 3, кн. 3
_0RU\NLR\bibl\1367944
_9975704
_aЛисиенко, В. Г. (1933-)
_cМосква
_d2008
_fВ.Г. Лисиенко
_nТеплотехник
_o(интегрированный энерго-экологический анализ: теория и практика) : [в 2 т.]
_tСовершенствование и повышение эффективности энерготехнологий и производств
_vТ. 3, кн. 3
606 _aАвтоматическое управление и регулирование
_91121928
_3RU\NLR\AUTH\66124838
606 _aСАУ
_xЭффективность
_92171568
_3RU\NLR\AUTH\661306251
686 1 _aЗ965
701 1 _aКрюченков
_bЮ.В.
_f1953-
_gЮрий Владимирович
852 _aNLR
_j2008-7/7343
942 _cBOOK
980 _aNBR